000
00290nam a2200109Ia 4500
008
230907s9999||||xx |||||||||||||| ||und||
082
_a
378.175
_b
TAL
245
0
_a
Studing at a distance :
260
_a
McGraw-Hill, Open University Press,
_b
England :
_c
2016
300
_a
221 p.
942
_c
BK
999
_c
601146
_d
601146